| 000 | 00582nam a22001577a 4500 | ||
|---|---|---|---|
| 003 | 0 | ||
| 005 | 20231106140319.0 | ||
| 008 | 221005b xxu||||| |||| 00| 0 eng d | ||
| 050 |
_aHG179 _b.Uy9 2022 |
||
| 100 | _aJonathan Christof C. Uy | ||
| 245 |
_aImpact of money management practices to the financial capability of Las Pinas employees amidst the covid-19 pandemic _cJonathan Christof C. Uy |
||
| 260 |
_aLas Pinas City, Philippines _bSoutheville International School and Colleges _cC2022 |
||
| 300 |
_aviii,98pp. _c28cm. _fTheses |
||
| 500 | _aMoney management. | ||
| 942 |
_2lcc _cTH |
||
| 999 |
_c364825 _d364825 |
||